Robot mapping without a precise map /
محفوظ في:
| المؤلف الرئيسي: | |
|---|---|
| التنسيق: | أطروحة كتاب |
| اللغة: | English |
| منشور في: |
2013.
|
| الموضوعات: | |
| الوسوم: |
إضافة وسم
لا توجد وسوم, كن أول من يضع وسما على هذه التسجيلة!
|
| LEADER | 01214cam a2200313 i 4500 | ||
|---|---|---|---|
| 001 | u997362 | ||
| 003 | SIRSI | ||
| 005 | 201406120912 | ||
| 008 | 140612s2013 nz a m 000 0 eng | ||
| 040 | |a UMM |e rda | ||
| 090 | |a TJ211.45 |b Zathah | ||
| 100 | 0 | |a Zati Hakim Azizul Hasan, |e author. | |
| 245 | 1 | 0 | |a Robot mapping without a precise map / |c Zati Hakim Azizul Hasan. |
| 264 | 1 | |c 2013. | |
| 264 | 4 | |c 2013. | |
| 300 | |a xii, 161 leaves : |b illustrations ; |c 30 cm. | ||
| 336 | |a text |2 rdacontent | ||
| 337 | |a unmediated |2 rdamedia | ||
| 338 | |a volume |2 rdacarrier | ||
| 500 | |a A thesis submitted to Auckland University of Technology in fulfilment of the requiremets for the degree of Doctor of Philosophy (PhD) | ||
| 502 | |b Ph.D. |c School of Computer and Mathematical Sciences, Auckland University of Technology |d 2013. | ||
| 504 | |a Bibliography: leaves 149-161. | ||
| 650 | 0 | |a Robots |x Programming. | |
| 650 | 0 | |a Artificial intelligence. | |
| 650 | 0 | |a Cognitive maps (Psychology) | |
| 710 | 2 | |a Auckland University of Technology, |e degree granting institution. | |
| 596 | |a 1 | ||
| 900 | |a NSM | ||
| 999 | |a TJ211.45 ZATHAH |w LC |c 1 |i A515924990 |d 2/11/2016 |f 2/11/2016 |g 1 |l STACKS |m P01UTAMA |r Y |s Y |t TESIS |u 1/11/2016 |1 STEM | ||
